000 00910nam a22002897a 4500
003 CHAP
005 20220329134227.0
008 971013s1966 r 00010 d
010 _a17274
011 _a18246
035 _a22331
040 _cCHAP
090 _aFolleto 8024
100 0 0 _aJohn Deere.
_961770
245 _aSugestiones para el combate químico de la maleza, insectos y enfermeddades del algodón, con la rociadora automotirz John Deere No. 600
260 _a(México, D.F.),
_c(1966)
300 _a28 p.
_b: ilus. ; gráfs
590 _aBATCH-UPD
_b10
_c20130110
_lUCH01
_h0248
590 _aBATCH-UPD
_b10
_c20130110
_lUCH01
_h0909
590 _aCONVERSION
_b10
_c20130109
_lUCH01
_h1311
650 1 4 _aAspersores.
_98126
650 1 4 _aHerbicidas.
_953691
650 1 4 _aInsecticidas.
_958855
901 _aBK
942 _cFOLL
949 _aFolleto 8024
_bBC
_cFOLL
_d-52303
_eTS1
_i22331
_mD
_si
999 _c17274
_d17274